Ostraka in Amsterdam collections (O. Amst.) /

Saved in:

Main Author: Bagnall, Roger S. (Author)

Other Authors: Sijpesteijn, P. J., Worp, K. A.

Format: Book

Language: English
Ancient Greek

Published: Zutphen : Terra, 1976.

Series: Studia Amstelodamensia ad epigraphicam, ius antiquum et papyrologicam pertinentia ; 9.

Subjects:

Tags: Add Tag

No Tags, Be the first to tag this record!

Call Number: PA3371 .A1 1976

LEADER 01046nam a22003017a 4500
003 OSt
005 20251006111517.0
008 251006t1976 ne fh 001 0 eng d
010 |a 77481835 
020 |a 9062552013 
040 |c ARCE Library 
041 0 |a eng  |a grc 
050 1 4 |a PA3371   |b .A1 1976 
100 1 |a Bagnall, Roger S.,   |e author 
245 1 0 |a Ostraka in Amsterdam collections (O. Amst.) /   |c Roger S. Bagnall, P. J. Sijpesteijn, K. A. Worp. 
264 1 |a Zutphen :   |b Terra,   |c 1976. 
300 |a 102 pages :   |b facsimiles (in pocket) ;   |c 29 cm. 
490 1 |a Studia Amstelodamensia ad epigraphicam, ius antiquum et papyrologicam pertinentia ;   |v 9. 
500 |a Seventeen p. of plates in pocket. 
500 |a Includes indexes. 
546 |a English or Greek. 
650 0 |a Ostraka. 
700 1 |a Sijpesteijn, P. J. 
700 1 |a Worp, K. A.  |q (Klaas Anthony)  |9 42380 
830 0 |a Studia Amstelodamensia ad epigraphicam, ius antiquum et papyrologicam pertinentia ;   |v 9. 
901 |a reviewed 
942 |c BK  |2 lcc 
999 |c 22410  |d 22410